000 00678nam a2200277Ia 4500
005 20260324115843.0
008 008 260324s9999 xx 000 0 eng d
020 _a9781315368665
037 _aEBOOK
040 _aCRL
040 _beng
040 _cCRL
041 _2eng
041 _aeng
084 _qCRL
100 _aJ. K. Yates; Daniel Castro-Lacouture
_91156264
245 0 _aSustainability in Engineering Design and Construction
260 _bTaylor and Francis
260 _c2016
365 _a
365 _b340
856 _uhttp://www.taylorfrancis.com/books/9781315368665
942 _cEBOOK
999 _c1747451
_d1747451